000 00305nam a22001337a 4500
008 180312b xxu||||| |||| 00| 0 eng d
020 _a9780138412975
041 _aeng
080 _a616
100 _a3
101 _aSHM
245 _aHEALING WITH PRESSURE POINT THERAPY
_cSTEVE.SH
942 _2udc
_cBK
999 _c44768
_d44768